00624nam a2200229 4500001001300000003000400013005001700017008004100034010001700075025002000092050001800112082001500130100003800145245004100183260003600224300002300260350001000283490002900293504003000322650002500352999001700377sa 68014471 DLC20260227112632.0700204s1968 ii b 00110 eng  asa 68014471  aPL480:I-E-110080 aJC599.I4bM85 a323.4/095410aMukharji, Prasanta Bihari,d1910-1 aCivil liberties,cby P. B. Mukharji.0 aBombay,bN. M. Tripathi,c1968. avi, 170 p.c24 cm. a15.000 aRamananda lectures, 1965 aBibliography: p. 163-164. 0aCivil rightszIndia. c85814d85814